Loading...
| Literature - World | 0 | 8 | 1 | 0 | 75 | 69 | 103.13 | 0 | 6 | 18.77 | 54.55 |
| Fine Arts - Classical Music | 0 | 7 | 0 | 0 | 70 | 92 | 111.29 | 1 | 4 | 10.46 | 41.82 |
| Fine Arts - Painting and Sculpture | 0 | 7 | 2 | 1 | 60 | 17 | 75.86 | 3 | 6 | 28.50 | 50.00 |
| Fine Arts - Other | 0 | 4 | 1 | 0 | 35 | 22 | 88.25 | 2 | 2 | 12.36 | 28.18 |
| Social Science | 0 | 3 | 1 | 1 | 25 | 65 | 86.00 | 1 | 2 | 7.75 | 17.27 |
| Science - Biology | 0 | 1 | 0 | 0 | 10 | 86 | 86.00 | 0 | 0 | 2.47 | 6.36 |
| Mythology | 0 | 1 | 0 | 0 | 10 | 138 | 138.00 | 0 | 1 | 0.07 | 6.36 |
| Pop Culture | 0 | 1 | 0 | 1 | 10 | 153 | 153.00 | 0 | 0 | 0.00 | 10.00 |
| Science - Other | 0 | 1 | 0 | 0 | 10 | 99 | 99.00 | 0 | 1 | 1.65 | 6.36 |
| Literature - American | 0 | 1 | 0 | 0 | 10 | 113 | 113.00 | 0 | 0 | 2.01 | 6.36 |
| Literature - European | 0 | 1 | 2 | 0 | 0 | 128 | 128.00 | 0 | 0 | 0.72 | 1.82 |
| Science - Chemistry | 0 | 0 | 0 | 0 | 0 | 0.00 | 0 | 0 | 0.00 | 0.00 |